Normal view
MARC view
- تأليف العمري، حسين منصور
Entry Personal Name
001 - CONTROL NUMBER
- control field: 47649
003 - CONTROL NUMBER IDENTIFIER
- control field: JO-AjAnu
005 - DATE AND TIME OF LATEST TRANSACTION
- control field: 20230606081850.0
008 - FIXED-LENGTH DATA ELEMENTS
- fixed length control field: 230606|| aca||aabn | a|a d
040 ## - CATALOGING SOURCE
- Original cataloging agency: JO-AjAnu
- Transcribing agency: JO-AjAnu
100 ## - HEADING--PERSONAL NAME
- Personal name: تأليف العمري، حسين منصور
670 ## - SOURCE DATA FOUND
- Source citation: Work cat.: (JO-AjAnu)24383: تأليف العمري، حسين منصور, author, إشكالية التناقض " مسرحيات سعدالله ونوس أنموذجا "